<?xml version="1.0" encoding="UTF-8"?>
<marc:record xmlns:marc="http://www.loc.gov/MARC21/slim">
   <marc:leader>00000nam a2200000 a 4500</marc:leader>
   <marc:datafield ind1="1" ind2=" " tag="100">
      <marc:subfield code="a">Branagh, Kenneth</marc:subfield>
   </marc:datafield>
   <marc:datafield ind1="1" ind2=" " tag="100">
      <marc:subfield code="a">Laurie, Hugh</marc:subfield>
   </marc:datafield>
   <marc:datafield ind1="1" ind2=" " tag="100">
      <marc:subfield code="a">Fry, Stephen</marc:subfield>
   </marc:datafield>
   <marc:datafield ind1="1" ind2=" " tag="100">
      <marc:subfield code="a">Thompson, Emma</marc:subfield>
   </marc:datafield>
   <marc:datafield ind1="0" ind2="0" tag="245">
      <marc:subfield code="a">Peter`s friends</marc:subfield>
   </marc:datafield>
   <marc:datafield ind1="0" ind2="0" tag="245">
      <marc:subfield code="b">Eine Komödie über Liebe, Freundschaft und andere Katastrophen</marc:subfield>
   </marc:datafield>
   <marc:datafield ind1=" " ind2="1" tag="264">
      <marc:subfield code="a">Leipzig</marc:subfield>
      <marc:subfield code="b">Kinowelt Home Entertainment GmbH</marc:subfield>
      <marc:subfield code="c">2005</marc:subfield>
   </marc:datafield>
   <marc:datafield ind1="1" ind2=" " tag="520">
      <marc:subfield code="a">Zehn Jahre nach dem Universitätsabschluss in Cambridge lädt Peter seine ehemaligen Studienfreunde auf seinen noblen Landsitz ein. Doch schon bald legen sich die Wiedersehensfreude und Feierstimmung: Lebenslügen brechen zusammen, Neurosen treten zutage, Eifersüchteleien leben wieder auf und einige Lebenspartner reisen verstört ab. Erst als Peer sein eigenes tragisches Geheimnis preisgibt, raufen sich die alten Freunde wieder zusammen.</marc:subfield>
   </marc:datafield>
   <marc:datafield ind1=" " ind2=" " tag="020">
      <marc:subfield code="a">B000AFEJAW</marc:subfield>
      <marc:subfield code="9">B000AFEJAW</marc:subfield>
   </marc:datafield>
   <marc:datafield ind1=" " ind2=" " tag="300">
      <marc:subfield code="a">ca. 97 Min.</marc:subfield>
   </marc:datafield>
</marc:record>
